Urbanization Primer / Project Assessment, Site Analysis, Design Criteria for Site and Services or Similar Dwelling Environments in Developing Areas, with a Documentary Collection of Photographs on Urbanization (Record no. 1884)
[ view plain ]
| 000 -LEADER | |
|---|---|
| fixed length control field | 01189cam a22002054a 4500 |
| 005 - ΗΜΕΡΟΜΗΝΙΑ ΚΑΙ ΩΡΑ ΤΕΛΕΥΤΑΙΑΣ ΕΝΗΜΕΡΩΣΗΣ | |
| Πεδίο ελέγχου | 20250605164022.0 |
| 008 - FIXED-LENGTH DATA ELEMENTS--GENERAL INFORMATION | |
| Πεδίο ελέγχου σταθερού μήκους | 250528s ||||||||||||||||||||||||d |
| 035 ## - SYSTEM CONTROL NUMBER | |
| System control number | 16376 |
| 020 ## - ISBN | |
| ISBN | 262030667 |
| 040 ## - ΠΗΓΗ ΚΑΤΑΛΟΓΟΓΡΑΦΗΣΗΣ | |
| Φορέας πρωτότυπης καταλογογράφησης | MC Athens Campus Library |
| Γλώσσα καταλογογράφησης | Ελληνικά, Μοντέρνα (1453-) |
| Modifying agency | MC Athens Campus Library |
| Κανόνες περιγραφικής καταλογογράφησης | AACR2 |
| 245 1# - ΤΙΤΛΟΣ ΚΑΙ ΔΗΛΩΣΗ ΥΠΕΥΘΥΝΟΤΗΤΑΣ | |
| Τίτλος | Urbanization Primer / Project Assessment, Site Analysis, Design Criteria for Site and Services or Similar Dwelling Environments in Developing Areas, with a Documentary Collection of Photographs on Urbanization |
| 260 ## - PUBLICATION, DISTRIBUTION, ETC. | |
| Name of publisher, distributor, etc. | The MIT Press, |
| Date of publication, distribution, etc. | 1978 |
| 300 ## - PHYSICAL DESCRIPTION | |
| Extent | 338 |
| 520 ## - SUMMARY, ETC. | |
| Summary, etc. | Acknowledgements, Preface, Introduction, Project Assessment, Guidelines for Identification, Procedures for Evaluation, Site Analysis, Size and Shape, Boundaries, Views, Soil, Climate, Flooding, Land Tenure, Utilities, Refuse Collection, Income Groups, Land Utilization, Land Development, Design Criteria, The Models, The Matrix, Water Supply, Sewage Disposal, Electricity and Street Lighting, Appendix, Utilities: Cost Data, Illustrations, Abbreviations, Units of Measurment, Glossary, Bibliography, Index. |
| 700 1# - ΠΡΟΣΘΕΤΗ ΑΝΑΓΡΑΦΗ--ΦΥΣΙΚΟ ΠΡΟΣΩΠΟ | |
| Personal name | Caminos Horacio |
| 9 (RLIN) | 2470 |
| 700 1# - ΠΡΟΣΘΕΤΗ ΑΝΑΓΡΑΦΗ--ΦΥΣΙΚΟ ΠΡΟΣΩΠΟ | |
| Personal name | Goethert Reinhard |
| 9 (RLIN) | 2471 |
| 942 ## - ADDED ENTRY ELEMENTS (KOHA) | |
| Koha item type | Books |
| Τύπος τεκμηρίου | Βιβλιοθήκη | Τρέχουσα τοποθεσία | Barcode | Αριθμός εισαγωγής | Ημερομηνία απόκτησης | Ταξιθετικό σύμβολο | Αριθμός αντιτύπου | Κατάσταση απόσυρσης | Κατάσταση χαμένου | Κατάσταση κατεστραμμένου | Μη δανεισμός | Σύνολο δανεισμών | Ημερομηνία τελευταίας εμφάνισης | Η τιμή ισχύει από |
|---|---|---|---|---|---|---|---|---|---|---|---|---|---|---|
| Books | MC Athens Campus Library | MC Athens Campus Library | 9780000018830 | 4076 | 05/06/2025 | 309.2/62/091724 CAM | 1 | 05/06/2025 | 05/06/2025 |